00750nam a2200229 a 450000100060000000300080000600500170001400800410003103500190007204000180009104100080010908200220011724500700013925000260020926000940023530000260032950000200035550000360037565000140041170000310042583000640045657633BD-RjUL20211209080533.0161211s1939 ii a 001 0 eng  a(BD-RjUL)57757 aDLCcDLCbeng aeng 223a200bESS 193904aThe essential unity of all religions /ccompiled by Bhagavan Das. a2nd ed., greatly enl. aBenares :bKashi Vidyapitha :bSole agent, Indian Book Shop, Theosophical Society,c1939. alvi, 683 p. ;c18 cm. aIncludes index. aMaster microform held by: ICRL. 0aReligions1 aDas, Bhagavan,d1869-1958. 0aSAMP early 20th-century Indian books project ;vitem 07000.